Library Logo

Pioneer International University Library Catalogue

Adaptation nursing : (Record no. 9148)

MARC details
000 -LEADER
fixed length control field 00985pam a2200313 a 4500
001 - CONTROL NUMBER
control field 1371400
003 - CONTROL NUMBER IDENTIFIER
control field OSt
005 - DATE AND TIME OF LATEST TRANSACTION
control field 20250901165758.0
008 - FIXED-LENGTH DATA ELEMENTS--GENERAL INFORMATION
fixed length control field 811116s1982 moua b 001 0 eng
010 ## - LIBRARY OF CONGRESS CONTROL NUMBER
LC control number 81018844
020 ## - INTERNATIONAL STANDARD BOOK NUMBER
International Standard Book Number 0801640245
040 ## - CATALOGING SOURCE
Original cataloging agency DLC
Transcribing agency DLC
Modifying agency DLC
050 10 - LIBRARY OF CONGRESS CALL NUMBER
Classification number RT 41 .R35 1982
Item number .R35 1982
082 00 - DEWEY DECIMAL CLASSIFICATION NUMBER
Classification number 610.73
Edition information 19
100 1# - MAIN ENTRY--PERSONAL NAME
Personal name Randell, Brooke.
245 10 - TITLE STATEMENT
Title Adaptation nursing :
Remainder of title the Roy conceptual model applied /
Statement of responsibility, etc. Brooke Randell, Mary Poush Tedrow, Joyce Van Landingham.
260 ## - PUBLICATION, DISTRIBUTION, ETC.
Place of publication, distribution, etc. St. Louis :
Name of publisher, distributor, etc. C.V. Mosby Co.,
Date of publication, distribution, etc. 1982.
300 ## - PHYSICAL DESCRIPTION
Extent xvii, 297 p. :
Other physical details ill. ;
Dimensions 24 cm.
504 ## - BIBLIOGRAPHY, ETC. NOTE
Bibliography, etc. note Includes bibliographies and index.
650 #0 - SUBJECT ADDED ENTRY--TOPICAL TERM
Topical term or geographic name entry element Nursing.
650 #0 - SUBJECT ADDED ENTRY--TOPICAL TERM
Topical term or geographic name entry element Nursing
General subdivision Philosophy.
650 #0 - SUBJECT ADDED ENTRY--TOPICAL TERM
Topical term or geographic name entry element Adaptation (Physiology)
650 #0 - SUBJECT ADDED ENTRY--TOPICAL TERM
Topical term or geographic name entry element Adjustment (Psychology)
700 1# - ADDED ENTRY--PERSONAL NAME
Personal name Tedrow, Mary Poush.
700 1# - ADDED ENTRY--PERSONAL NAME
Personal name Van Landingham, Joyce.
740 0# - ADDED ENTRY--UNCONTROLLED RELATED/ANALYTICAL TITLE
Uncontrolled related/analytical title Roy conceptual model applied.
906 ## - LOCAL DATA ELEMENT F, LDF (RLIN)
a 7
b cbc
c orignew
d 1
e ocip
f 19
g y-gencatlg
942 ## - ADDED ENTRY ELEMENTS (KOHA)
Source of classification or shelving scheme Library of Congress Classification
Koha item type Books
Holdings
Withdrawn status Lost status Source of classification or shelving scheme Damaged status Not for loan Home library Current library Shelving location Date acquired Total checkouts Full call number Barcode Date last seen Price effective from Koha item type
    Library of Congress Classification     Main Library Main Library   11/18/2024   RT 41 .R35 1982 PIU0012132 11/18/2024 11/18/2024 Books